000 00653cam a2200229 4500500
005 20260405003624.0
041 _afre
042 _adc
100 1 0 _aEnjalbert, Cédric
_eauthor
245 0 0 _a“Sans tambour” : un siphon fond, fond, fond…
260 _c2022.
500 _a50
690 _aMusique
690 _aPoésie
690 _aRire
690 _aRomantisme
690 _aRuine
690 _aRupture
690 _aThéâtre
786 0 _nPhilosophie magazine | 165 | 12 | 2022-12-01 | p. 73-74 | 1951-1787
856 4 1 _uhttps://shs.cairn.info/magazine-philosophie-magazine-2022-12-page-73?lang=fr&redirect-ssocas=7080
999 _c2069366
_d2069366